Problematika ochrany orla skalného v roku 1996

Bibliographic Details
Main Authors: Korňan, Ján, 1961- (Author), Zuskin, Ján, 1963- (Author)
Format: Article
Language:Slovak
PhysicalDescription:Fotogr. 2, tab. 1
ISSN:1335-1737
Subjects:

MARC

LEADER 00000nab a2200000 a 4500
001 vtls000625278
003 SK-MaSNL
005 20260305020334.0
008 250425c1997 xo 0 slo
015 |a SNBRB19rr/mm-uuuuu 
035 |a CL0625417 
035 |a urn:nbn:sk:snk-ab9zzv 
035 |a (urnnbn)urn:nbn:sk:snk:ar-a0973h 
035 |a (uuid)36fce25a-6003-4e61-9620-45ef88d86b12 
040 |a SNKBUCL  |b slo  |c SNKBUCL  |e AACR2 
041 0 |a slo 
044 |a xo  |c SK 
080 |a 598.91(437.6):502.743(437.6)  |2 1981 
080 |a 502.743(437.6)  |2 1981 
100 1 |a Korňan, Ján,  |d 1961-  |4 aut  |9 10898 
245 1 0 |a Problematika ochrany orla skalného v roku 1996  |c Ján Korňan, Ján Zuskin 
300 |b Fotogr. 2, tab. 1 
648 7 |a 1996  |2 snkbucl  |9 283904 
650 0 7 |a orol skalný  |2 snkbucl  |9 17922 
650 0 7 |a ochrana živočíchov  |2 snkbucl  |9 3949 
655 7 |a články z novín a časopisov  |2 snkbucl  |9 267496 
700 1 |a Zuskin, Ján,  |d 1963-  |4 aut  |9 135249 
773 0 |t Chránené územia Slovenska  |g Č. 31 (1997), s. 30-32  |x 1335-1737 
850 |a Slovenská národná knižnica 
852 |a Slovenská národná knižnica 
954 |a odborná, vedecká literatúra pôvodná (slovenská)  |2 lita 
958 |a article13 
958 |a SK 
958 |a RK 
958 |a OND 
958 |a EUIPO 
992 |a RBX 
999 |c 3280232  |d 3282162